Sanat - "Säkkijärven polkka" - Statistics

Yleistilastot
  • Tätä visaa on pelattu 170 kertaa
  • Keskiarvotulos 93 / 148
Vastaustilastot
Sanat % Oikein
polkka
97%
Säkkijärven
92%
on
91%
ja
85%
se
85%
Karjala
84%
vie
82%
Karjalan
80%
maa
80%
sen
80%
kun
79%
soi
79%
kauniina
78%
mutta
78%
saa
77%
sää
77%
muistona
75%
tanssiin
71%
soittaja,
68%
polkkaa
67%
kuulla
66%
ei
65%
kanssa
65%
vieläkin
65%
soinnahtaa
64%
vaikka
64%
soittajan
62%
jäi
60%
nuoren
60%
vanhan
60%
Säkkijärvi
59%
lie
58%
tule,
58%
tule
58%
tyttö
58%
tyttö,
58%
mierontie
57%
sentään
57%
sormista
57%
taa
57%
kaikki
56%
pois
56%
tuo
56%
nyt
55%
vertaa
55%
mieleen
54%
kanssani
53%
niin
53%
polkalle
53%
sille
53%
tietää
53%
meiltä
52%
hammasta
51%
luo
51%
helkähtää
50%
pää
50%
hepo
49%
herkästi
49%
toki
49%
siinä
48%
purkoon
47%
suo
47%
suurempi
47%
liplatus
46%
menneitä
45%
että
44%
honkien
44%
muistojen
44%
surkoon
44%
suvinen
44%
sellainen
43%
huojunta
42%
laineitten
42%
rintaan
42%
sillä
42%
taas
42%
vain
42%
rannat
41%
hei,
40%
jääneet
40%
kaipuuta
40%
soida
40%
outoa
39%
haitarin
38%
soittoa
38%
tielle
38%
rakkaimmat
37%
riemu
37%
ihmeesti
35%
kaihoisaa
35%
meillä
35%
kulkija
34%
kuuntelee
34%
johtavi
33%
hoi!
32%
lohdun
32%
kaunoisen
30%
vieraissa
26%
sointuna
23%
syömmestä
20%
Ehtoja vastaavia visoja ei löytynyt
Tulosjakauma
Jokaisen tuloksen saaneiden osuus
Persentiili vastausten määrän mukaan
Tuloshistoriasi
Et ole pelannut tätä visaa